Renewable energy in power systems

Wedi'i Gadw mewn:
Manylion Llyfryddiaeth
Prif Awdur:  Leon, Freris
Fformat: Sách
Iaith:Undetermined
Cyhoeddwyd:  John Wiley & Sons  2008
Pynciau:
Tagiau: Ychwanegu Tag
Dim Tagiau, Byddwch y cyntaf i dagio'r cofnod hwn!
Thư viện lưu trữ: Trung tâm Thư viện - Trường Đại học Công nghiệp TP. Hồ Chí Minh
LEADER 00517nam a2200157Ia 4500
001 UIH_04347
008 231011s9999 xx 000 0 und d
082 |a  621.042 
100 |a  Leon, Freris 
245 0 |a  Renewable energy in power systems 
245 0 |c  Leon, Freris 
260 |b  John Wiley & Sons 
260 |c  2008 
650 |a  Năng lượng tái tạo; Nguồn năng lượng;  
927 |a Sách 
980 |a Trung tâm Thư viện - Trường Đại học Công nghiệp TP. Hồ Chí Minh